000 01018nam a22001937a 4500
999 _c63928
_d63928
003 Ge_BSU
005 20260224114950.0
008 260224s1994 ge ||||| |||| 00| 0 geo d
041 _ageo
080 _a640.24:658.5 მ-54
100 _aმელუა, ამირან
_926954
245 _aწარმოების ორგანიზაცია საზოგადოებრივ კვებაში /
_cამირან მელუა, ლ. ყორღანაშვილი; [რედ.: გ. ფარაჯევა].
264 _aთბ. :
_bთბილ. უნ-ტის გამ-ბა,
_c1994.
300 _a243 გვ. ;
_b20 სმ.
653 _aსაზოგადოებრივი კვების საწარმოების მართვა
700 _aყორღანაშვილი, ლარისა
_eავტორი
_914273
700 _aფარაჯევა, გ.
_eრედაქტორი
_915667
942 _2udc
_cᲬᲘᲒᲜᲘ